| 000 | 00467nam a2200097Ia 4500 | ||
|---|---|---|---|
| 008 | 180130s9999 xx 000 0 und d | ||
| 245 |
_cHeidari, Ali; Chermahini, Mehdi Delshad; Heidari, Mohammad _aSimulating of microstructure and magnetic properties of nanostructured Fe and Fe50Co50 powders by neural networks |
||
| 260 | _c2016 | ||
| 300 | _aBook title: Innovations in computer science and engineering--Acession number C20551; pages 1 - 8 | ||
| 650 | _aCOMPUTER SCIENCE | ||
| 999 |
_c353736 _d353736 |
||